[Event "IRI-ch U12"]
[Site "Chess.com INT"]
[Date "2021.01.16"]
[Round "8"]
[White "Almasi, Parham"]
[Black "Dehghani, Artin"]
[Result "0-1"]
[WhiteElo "1138"]
[BlackElo "1141"]
[PlyCount "92"]
[EventDate "2021.01.16"]
[EventType "swiss"]
[EventRounds "11"]
[EventCountry "IRI"]
[SourceTitle "EXT 2022"]
[Source "ChessBase"]
[SourceDate "2021.10.06"]
[SourceVersion "1"]
[SourceVersionDate "2021.10.06"]
[SourceQuality "1"]

1. e4 e5 2. Nc3 Nf6 3. Bc4 Nc6 4. d3 Bc5 5. f4 d6 6. Nf3 Bg4 7. Bd2 Nd4 8. Be3 Nxf3+ 9. gxf3 Bxe3 10. Qe2 Bxf4 11. fxg4 Qd7 12. h3 a5 13. g5 Bxg5 14. Rg1 h6 15. h4 Bxh4+ 16. Kd1 Bg5 17. Nd5 Nxd5 18. Bxd5 b5 19. Bxa8 c6 20. Qg4 Qxg4+ 21. Rxg4 Kd7 22. Bb7 Kc7 23. Bxc6 Kxc6 24. Ke2 Kd7 25. a3 Ke6 26. Rf1 Bf6 27. b4 axb4 28. axb4 Ra8 29. Rgg1 g5 30. Ra1 Rc8 31. Rh1 Rxc2+ 32. Kd1 Rb2 33. Rxh6 Rxb4 34. Kc2 Rd4 35. Rf1 g4 36. Rfxf6+ Ke7 37. Rh8 Kxf6 38. Rb8 b4 39. Kb3 Rxd3+ 40. Kc4 Rd4+ 41. Kb5 Rxe4 42. Rb6 Ke6 43. Ka4 g3 44. Rxb4 Rxb4+ 45. Kxb4 g2 46. Kb5 g1Q 0-1

[Event "IRI-ch U12"]
[Site "Chess.com INT"]
[Date "2021.01.16"]
[Round "9"]
[White "Dehghani, Artin"]
[Black "Yazdani Gharie Biklar, Kourosh"]
[Result "0-1"]
[WhiteElo "1141"]
[BlackElo "1213"]
[PlyCount "42"]
[EventDate "2021.01.16"]
[EventType "swiss"]
[EventRounds "11"]
[EventCountry "IRI"]
[SourceTitle "EXT 2022"]
[Source "ChessBase"]
[SourceDate "2021.10.06"]
[SourceVersion "1"]
[SourceVersionDate "2021.10.06"]
[SourceQuality "1"]

1. e4 c5 2. Nc3 Nc6 3. Bc4 e6 4. Nf3 g6 5. d4 cxd4 6. Nxd4 Nge7 7. Nxc6 Nxc6 8. Bf4 Bb4 9. Qd3 0-0 10. a3 Bc5 11. b4 Bd4 12. b5 Qf6 13. Bd2 Qxf2+ 14. Kd1 Ne5 15. Rf1 Nxd3 16. Rxf2 Nxf2+ 17. Ke2 Bxc3 18. Bxc3 Nxe4 19. Bd4 d5 20. Bd3 f5 21. Bc5 Nxc5 0-1

[Event "IRI-ch U12"]
[Site "Chess.com INT"]
[Date "2021.01.16"]
[Round "1"]
[White "Rabbani, Abtin"]
[Black "Dehghani, Artin"]
[Result "1-0"]
[WhiteElo "1385"]
[BlackElo "1141"]
[PlyCount "79"]
[EventDate "2021.01.16"]
[EventType "swiss"]
[EventRounds "11"]
[EventCountry "IRI"]
[SourceTitle "EXT 2022"]
[Source "ChessBase"]
[SourceDate "2021.10.06"]
[SourceVersion "1"]
[SourceVersionDate "2021.10.06"]
[SourceQuality "1"]

1. e4 e5 2. Nf3 Nc6 3. Bc4 Nf6 4. d4 exd4 5. e5 Ng4 6. Bxf7+ Kxf7 7. Ng5+ Ke8 8. Qxg4 d6 9. e6 Ne5 10. Qxd4 h6 11. Nf7 Nxf7 12. exf7+ Kxf7 13. 0-0 Be7 14. Re1 Re8 15. Qd5+ Kf8 16. Nc3 Bf6 17. Bd2 c6 18. Rxe8+ Kxe8 19. Qg8+ Kd7 20. Qf7+ Qe7 21. Qb3 b6 22. Re1 Qf8 23. Ne4 Be5 24. Bc3 Bxc3 25. Qxc3 Bb7 26. Qd3 Re8 27. Rd1 d5 28. Ng3 Re5 29. h3 h5 30. c4 h4 31. Nf1 Ba6 32. Qd4 Qe7 33. Qg4+ Kd8 34. cxd5 cxd5 35. Ne3 Bb7 36. Qa4 a5 37. Qb5 Qc7 38. Nxd5 Qd6 39. Qxb6+ Kc8 40. Qxd6 1-0